[Event "9. Longericher Sommer-Open"]
[Site "9. Longericher Sommer-Open"]
[Date "2012.08.05"]
[Round "3.1"]
[White "Schwark, Mario"]
[Black "Natterer, Marco"]
[Result "1-0"]
[WhiteElo "1746"]
[BlackElo "1673"]
[PlyCount "83"]
[EventDate "2012.??.??"]
[WhiteTeam "SG Kalker/Deutze"]
[BlackTeam "SF Seelscheid e.V."]

1. d4 Nf6 2. Nf3 e6 3. g3 d5 4. Bg2 Bd7 5. Ne5 Be7 6. O-O c5 7. dxc5 Bxc5 8. c4
Bc6 9. Nxc6 bxc6 10. Nc3 Nbd7 11. e4 dxc4 12. Qa4 Qc7 13. Qxc4 O-O 14. b4 Bd6
15. Rd1 Be5 16. Be3 Rfd8 17. f4 Bxc3 18. Qxc3 Rac8 19. Rac1 Nb8 20. Bd4 Qe7 21.
Rd2 Rc7 22. Rcd1 Rcd7 23. Bc5 Qe8 24. Bxa7 Rxd2 25. Rxd2 Rxd2 26. Qxd2 Qd7 27.
Qxd7 Nbxd7 28. a4 Kf8 29. Bd4 Ke8 30. Bf3 Kd8 31. g4 g6 32. Kf2 Kc7 33. Ke3 Ng8
34. a5 Ne7 35. h4 Nc8 36. h5 Nd6 37. Be2 Nb7 38. a6 c5 39. Be5+ Nxe5 40. a7
Nxg4+ 41. Bxg4 cxb4 42. a8=Q 1-0

[Event "9. Longericher Sommer-Open"]
[Site "9. Longericher Sommer-Open"]
[Date "2012.08.05"]
[Round "3.2"]
[White "Reinartz, Ulrich"]
[Black "Stadtfeld, Martin"]
[Result "1-0"]
[WhiteElo "1667"]
[BlackElo "1720"]
[PlyCount "57"]
[EventDate "2012.??.??"]
[BlackTeam "SC Jünkerath"]

1. e4 c5 2. c3 d5 3. exd5 Qxd5 4. d4 cxd4 5. cxd4 Nc6 6. Nf3 Bg4 7. Be2 e5 8.
Nc3 Bb4 9. dxe5 Bxf3 10. Bxf3 Qxe5+ 11. Qe2 Qxe2+ 12. Bxe2 Nd4 13. Bd1 Nf6 14.
Bd2 O-O 15. O-O Rac8 16. a3 Ba5 17. b4 Bb6 18. Na4 Bc7 19. Rc1 Ne4 20. Be3 Nf5
21. Bf3 Nxe3 22. fxe3 f5 23. Bxe4 fxe4 24. Rxf8+ Kxf8 25. Nc5 b6 26. Ne6+ Ke7
27. Rxc7+ Rxc7 28. Nxc7 a5 29. Nd5+ 1-0

[Event "9. Longericher Sommer-Open"]
[Site "9. Longericher Sommer-Open"]
[Date "2012.08.05"]
[Round "3.3"]
[White "Busse, Alexander"]
[Black "Andrijenko, Anatoliy"]
[Result "0-1"]
[WhiteElo "1600"]
[BlackElo "1696"]
[PlyCount "102"]
[EventDate "2012.??.??"]
[WhiteTeam "Brühler SK 1920 e.V."]
[BlackTeam "SF Köln-Longerich 195"]

1. f4 g6 2. Nf3 Bg7 3. Nc3 d5 4. d4 Bg4 5. e3 e6 6. h3 Bxf3 7. Qxf3 Nd7 8. Na4
Ne7 9. Bd3 a6 10. Bd2 b5 11. Nc3 c5 12. dxc5 Nxc5 13. b4 Nxd3+ 14. cxd3 Rc8 15.
Rc1 O-O 16. O-O Qd7 17. d4 Rc4 18. a3 Rfc8 19. g4 f5 20. g5 R8c7 21. h4 Qc8 22.
Ne2 Qd7 23. Rc3 Nc8 24. Rfc1 Nd6 25. Ng3 Qc8 26. Rxc4 Nxc4 27. Qd1 Nxa3 28. Rc5
Bf8 29. Rxc7 Qxc7 30. Qb3 Nc4 31. Qc2 Qd6 32. Be1 Nxe3 33. Qf2 Nc4 34. Kg2 Qb6
35. h5 Bg7 36. Bc3 a5 37. bxa5 Nxa5 38. Qa2 b4 39. Qb1 Bxd4 40. Bxd4 Qxd4 41.
Qc2 Qc3 42. Qa4 Nc6 43. Qa8+ Kf7 44. Ne2 Qb2 45. hxg6+ hxg6 46. Kf1 Ne7 47. Qa7
b3 48. Qb6 Qb1+ 49. Kf2 Qc2 50. Ke3 b2 51. Qd4 Qe4+ 0-1

[Event "9. Longericher Sommer-Open"]
[Site "9. Longericher Sommer-Open"]
[Date "2012.08.05"]
[Round "3.4"]
[White "Trinkl, Andreas"]
[Black "Knobeloch, Olaf"]
[Result "1/2-1/2"]
[WhiteElo "1677"]
[BlackElo "1520"]
[PlyCount "63"]
[EventDate "2012.??.??"]
[WhiteTeam "SV 1947 Walldorf"]
[BlackTeam "Pulheimer Sport-Club 1924/57 e.V"]

1. e4 c5 2. Nc3 d6 3. f4 g6 4. Bc4 e6 5. Nf3 Bg7 6. O-O a6 7. d3 Nc6 8. a3 Nf6
9. Qe1 O-O 10. f5 Ne5 11. Nxe5 dxe5 12. fxg6 fxg6 13. Be3 Qe7 14. Qh4 Qd6 15.
Rf3 b5 16. Ba2 Bb7 17. Raf1 Nh5 18. Qh3 Rae8 19. Rxf8+ Bxf8 20. Qf3 Qd7 21. g4
Nf4 22. Bxf4 exf4 23. Qxf4 Bg7 24. Qf3 Rf8 25. Qe2 Rxf1+ 26. Kxf1 Qd6 27. Kg2
Be5 28. h3 Kg7 29. Nd1 Qe7 30. Qf2 Bc7 31. Ne3 Qd6 32. Kf1 1/2-1/2

[Event "9. Longericher Sommer-Open"]
[Site "9. Longericher Sommer-Open"]
[Date "2012.08.05"]
[Round "3.5"]
[White "Flüchter, Markus"]
[Black "Margenberg, Volker"]
[Result "0-1"]
[WhiteElo "1504"]
[BlackElo "1724"]
[PlyCount "72"]
[EventDate "2012.??.??"]
[WhiteTeam "SV Soest 1926"]
[BlackTeam "SV Wiehl 1923 e.V."]

1. e4 e6 2. d4 d5 3. e5 c5 4. c3 Nc6 5. Nf3 Qb6 6. a3 a5 7. b4 axb4 8. cxb4
cxb4 9. Qb3 Bd7 10. Be3 Nge7 11. Bd3 Nc8 12. a4 Na5 13. Qb2 Qc7 14. O-O Nb6 15.
Rc1 Nac4 16. Bxc4 Nxc4 17. Qc2 b5 18. Nbd2 Be7 19. axb5 Rxa1 20. Rxa1 O-O 21.
b6 Qxb6 22. Nxc4 dxc4 23. d5 Bc5 24. dxe6 Bxe6 25. Ng5 g6 26. Nxe6 fxe6 27. Re1
Bxe3 28. Rxe3 Qd4 29. h4 b3 30. Qe2 b2 31. Qc2 Rd8 32. Kh2 Qxh4+ 33. Rh3 Qf4+
34. Rg3 Rd2 35. Qa4 b1=Q 36. Qe8+ Kg7 0-1

[Event "9. Longericher Sommer-Open"]
[Site "9. Longericher Sommer-Open"]
[Date "2012.08.05"]
[Round "3.6"]
[White "Herms, Stefan"]
[Black "Stupp, Gereon"]
[Result "0-1"]
[WhiteElo "1720"]
[BlackElo "1431"]
[PlyCount "38"]
[EventDate "2012.??.??"]
[WhiteTeam "SC Erkrath 1973"]
[BlackTeam "SG Neuss/Norf e."]

1. e4 e5 2. f4 d5 3. exd5 e4 4. d3 Nf6 5. dxe4 Nxe4 6. Qe2 Bf5 7. Nf3 Qxd5 8.
Nfd2 Bb4 9. c3 Bc5 10. g4 O-O 11. gxf5 Nf2 12. b4 Bb6 13. c4 Nd3+ 14. Qxd3 Re8+
15. Kd1 Qxh1 16. c5 Nc6 17. cxb6 Rad8 18. Qh3 Qe4 19. bxc7 Nxb4 0-1

[Event "9. Longericher Sommer-Open"]
[Site "9. Longericher Sommer-Open"]
[Date "2012.08.05"]
[Round "3.7"]
[White "Schnier, Steffen"]
[Black "Heinrich, Philipp"]
[Result "1/2-1/2"]
[WhiteElo "1610"]
[BlackElo "1643"]
[PlyCount "28"]
[EventDate "2012.??.??"]
[WhiteTeam "SV Bad Essen"]
[BlackTeam "SK Haseturm Löningen"]

1. e4 d5 2. exd5 Qxd5 3. Nc3 Qa5 4. d4 Nf6 5. Bd2 c6 6. Nf3 Bf5 7. Bc4 e6 8.
O-O Nbd7 9. Re1 Be7 10. Nd5 Qd8 11. Nxe7 Qxe7 12. Bg5 h6 13. Bd2 O-O 14. a3 Qd8
1/2-1/2

[Event "9. Longericher Sommer-Open"]
[Site "9. Longericher Sommer-Open"]
[Date "2012.08.05"]
[Round "3.8"]
[White "Kossack, Philipp"]
[Black "Engel, Johann"]
[Result "1-0"]
[WhiteElo "1637"]
[BlackElo "1416"]
[PlyCount "110"]
[EventDate "2012.??.??"]
[WhiteTeam "SV Erftstadt e.V."]
[BlackTeam "Brühler SK 1920 e.V."]

1. d4 Nf6 2. c4 d5 3. Nc3 e6 4. cxd5 Nxd5 5. e4 Nxc3 6. bxc3 c5 7. Nf3 cxd4 8.
cxd4 Bb4+ 9. Bd2 Qa5 10. Bc4 O-O 11. O-O Bxd2 12. Qxd2 Qxd2 13. Nxd2 Nc6 14. d5
Na5 15. dxe6 Bxe6 16. Bxe6 fxe6 17. e5 Rad8 18. Ne4 b6 19. Nd6 Rd7 20. Rac1 Nb7
21. Nxb7 Rxb7 22. Rc6 Re7 23. Rd1 Rf5 24. Re1 Rf4 25. g3 Ra4 26. Re2 Kf7 27.
Rd2 Ra5 28. f4 b5 29. Kf2 Ra4 30. Ke2 Rb7 31. Kd1 Ke7 32. Kc1 Rd7 33. Rxd7+
Kxd7 34. Rd6+ Ke7 35. Kb2 Re4 36. Ra6 Re2+ 37. Kb3 Rxh2 38. Rxa7+ Kf8 39. Kb4
Rb2+ 40. Kc5 Rd2 41. Kxb5 Rd3 42. a4 Rxg3 43. a5 Rc3 44. a6 h5 45. Rb7 Ra3 46.
a7 Kg8 47. Rb8+ Kh7 48. a8=Q Rxa8 49. Rxa8 g6 50. Re8 h4 51. Rxe6 Kg7 52. Rd6
Kf7 53. Rd3 Ke6 54. Rh3 g5 55. fxg5 Kxe5 1-0

[Event "9. Longericher Sommer-Open"]
[Site "9. Longericher Sommer-Open"]
[Date "2012.08.05"]
[Round "3.9"]
[White "Niesel, Tobias"]
[Black "Theißen, Frank"]
[Result "1/2-1/2"]
[WhiteElo "1401"]
[BlackElo "1731"]
[PlyCount "58"]
[EventDate "2012.??.??"]
[WhiteTeam "Brühler SK 1920 e.V."]
[BlackTeam "SF 1974 Heinsberg e.V"]

1. c4 c6 2. g3 e6 3. Bg2 d5 4. Nf3 Nf6 5. O-O Be7 6. e3 O-O 7. Nc3 Nbd7 8. b3
b6 9. d4 Ba6 10. Nd2 Rc8 11. Bb2 Re8 12. Re1 Bb7 13. Rc1 Bd6 14. cxd5 exd5 15.
Bf1 Qe7 16. Qc2 Ne4 17. Bh3 Ng5 18. Bg2 Nf6 19. Nf3 Nge4 20. Nh4 Qe6 21. Nf3
Ba6 22. Ne5 c5 23. Nxe4 Nxe4 24. Qd1 Nf6 25. f4 Ne4 26. Qh5 f6 27. Bh3 Qe7 28.
Bxc8 Rxc8 29. Ng4 Nd2 1/2-1/2

[Event "9. Longericher Sommer-Open"]
[Site "9. Longericher Sommer-Open"]
[Date "2012.08.05"]
[Round "3.10"]
[White "Stelzer, Wolfgang"]
[Black "Aquilino, Pasquale"]
[Result "1-0"]
[WhiteElo "1710"]
[BlackElo "1448"]
[PlyCount "83"]
[EventDate "2012.??.??"]
[WhiteTeam "SC Wittlich 1947"]
[BlackTeam "Ford-SF Köln e.V."]

1. c4 b6 2. e4 Nc6 3. Nf3 Bb7 4. Nc3 e6 5. d3 h6 6. Be2 Be7 7. a3 Nf6 8. O-O
O-O 9. h3 d6 10. b4 e5 11. Be3 Nb8 12. Nd2 c5 13. Nd5 Nxd5 14. cxd5 Nd7 15. f4
Bh4 16. Nf3 Bf6 17. Rb1 exf4 18. Bxf4 Ne5 19. Bxe5 dxe5 20. bxc5 Bc8 21. c6 Qd6
22. Qc1 Be7 23. a4 Qc5+ 24. Kh1 Qxc1 25. Rbxc1 Bd6 26. g4 g5 27. Nd2 Bc5 28.
Nc4 Bd4 29. Nd6 Ba6 30. Rf6 Bc5 31. Nf5 Bc8 32. Rxh6 Bxf5 33. gxf5 g4 34. Rc2
g3 35. f6 Be3 36. Rh5 Bf4 37. Bg4 b5 38. a5 b4 39. c7 b3 40. Rb2 Rab8 41.
cxb8=Q Rxb8 42. Bd1 1-0

[Event "9. Longericher Sommer-Open"]
[Site "9. Longericher Sommer-Open"]
[Date "2012.08.05"]
[Round "3.11"]
[White "Jansen, Kurt"]
[Black "Plitt, Stefan"]
[Result "1-0"]
[WhiteElo "1413"]
[BlackElo "1652"]
[PlyCount "46"]
[EventDate "2012.??.??"]
[WhiteTeam "SK Sülz-Klettenberg"]
[BlackTeam "SV Grünfeld e.V."]

1. e4 d5 2. exd5 Nf6 3. Nc3 Nxd5 4. Bc4 Nb6 5. Bb3 Nc6 6. Nge2 e5 7. d3 Nd4 8.
Nxd4 exd4 9. Qe2+ Be7 10. Ne4 O-O 11. O-O Bf5 12. Ng3 Bg6 13. Bd2 Bd6 14. Qf3
c6 15. Rae1 Qc7 16. Re2 Nd7 17. Ree1 Ne5 18. Qd1 Nxd3 19. cxd3 Bxd3 20. Qg4
Bxg3 21. hxg3 g6 22. Bh6 Rfd8 23. Qf3 Qd6 1-0

[Event "9. Longericher Sommer-Open"]
[Site "9. Longericher Sommer-Open"]
[Date "2012.08.05"]
[Round "3.12"]
[White "Hoffmann, Michael"]
[Black "Yon, Gregory"]
[Result "1-0"]
[WhiteElo "1651"]
[BlackElo "1418"]
[PlyCount "127"]
[EventDate "2012.??.??"]
[WhiteTeam "SG Neuss/Norf e."]
[BlackTeam "Turnerschaft Bergisch-Gladbach 1"]

1. d4 d6 2. Nf3 g6 3. g3 Bg7 4. Bg2 Nf6 5. c4 O-O 6. Nc3 c6 7. e4 Bg4 8. h3
Bxf3 9. Bxf3 e5 10. Be3 Nbd7 11. Bg2 a6 12. d5 Qc7 13. O-O cxd5 14. cxd5 b5 15.
Rc1 Qb7 16. Qd2 Rac8 17. a3 Nc5 18. Bxc5 Rxc5 19. Na2 Nd7 20. Nb4 Rxc1 21. Rxc1
Nc5 22. Qe3 f5 23. exf5 Rxf5 24. Nc6 Bf6 25. Rc2 Bg5 26. Qc3 e4 27. b4 Na4 28.
Qe1 e3 29. f4 Bh6 30. Qxe3 Rf7 31. Nd8 Qb6 32. Qxb6 Nxb6 33. Nxf7 Kxf7 34. Rc6
Bg7 35. Rxd6 Bb2 36. Rc6 Nc4 37. Rxa6 Bxa3 38. Bf1 Bxb4 39. Bxc4 bxc4 40. Ra4
Bc5+ 41. Kf1 Ke7 42. Rxc4 Kd6 43. Ke2 Kxd5 44. Ra4 Ke6 45. Kf3 Kf7 46. Ra6 Kg8
47. Rc6 Bd4 48. Rc7 Bb6 49. Rb7 Bd4 50. Kg4 Bf6 51. Kf3 Bd4 52. Ke4 Bc3 53. Kd5
Be1 54. g4 Bd2 55. Ke4 Bc1 56. f5 gxf5+ 57. Kxf5 Bd2 58. g5 Bc3 59. h4 Bd4 60.
h5 Bc3 61. h6 Bd4 62. Ke6 Bc5 63. Rb8+ Bf8 64. Kf6 1-0

[Event "9. Longericher Sommer-Open"]
[Site "9. Longericher Sommer-Open"]
[Date "2012.08.05"]
[Round "3.13"]
[White "Lechner, Alexander"]
[Black "Kürten, Lothar"]
[Result "0-1"]
[WhiteElo "1151"]
[BlackElo "1623"]
[PlyCount "50"]
[EventDate "2012.??.??"]
[WhiteTeam "Godesberger SK 1929 e.V."]
[BlackTeam "SF Köln-Longerich 195"]

1. e4 e6 2. d4 d5 3. e5 c5 4. c3 Qb6 5. Nf3 Nc6 6. Be2 cxd4 7. cxd4 Bb4+ 8. Nc3
Nge7 9. O-O Bxc3 10. bxc3 Bd7 11. Be3 Nf5 12. Rb1 Nxe3 13. fxe3 Qc7 14. Ng5 O-O
15. Qc2 g6 16. Bh5 Ne7 17. Bf3 Nf5 18. Qd1 Nxe3 19. Qb3 Nxf1 20. Kxf1 Rab8 21.
Qc2 Rfc8 22. Rc1 b5 23. a3 a5 24. h4 b4 25. h5 Qxc3 0-1

[Event "9. Longericher Sommer-Open"]
[Site "9. Longericher Sommer-Open"]
[Date "2012.08.05"]
[Round "3.14"]
[White "Beißel, Daniel"]
[Black "Smets, Heike"]
[Result "1-0"]
[WhiteElo "1599"]
[BlackElo "1445"]
[PlyCount "95"]
[EventDate "2012.??.??"]
[WhiteTeam "SV Horrem 1948"]

1. d4 e6 2. c4 Bb4+ 3. Bd2 Bxd2+ 4. Qxd2 Nf6 5. g3 O-O 6. Nf3 c6 7. Bg2 Ne4 8.
Qc2 d5 9. Nbd2 Nxd2 10. Nxd2 Qf6 11. e3 Nd7 12. O-O e5 13. dxe5 Nxe5 14. cxd5
cxd5 15. Bxd5 Bh3 16. Bg2 Qh6 17. Qe4 Ng4 18. Bxh3 Qxh3 19. Qg2 Qh6 20. Nf3
Rae8 21. h3 Nf6 22. Rac1 Re7 23. Rc2 Nd5 24. Rd1 Nb4 25. Rc4 Qb6 26. a3 Nc6 27.
b4 Rd8 28. Rxd8+ Qxd8 29. Nd4 Ne5 30. Qd5 Re8 31. Qxd8 Rxd8 32. Rc7 Rb8 33. Nb5
a6 34. Nd6 b5 35. Ra7 g6 36. f4 Nc4 37. Nxc4 bxc4 38. Rc7 Re8 39. Kf2 Re4 40.
Kf3 f5 41. g4 h6 42. gxf5 gxf5 43. Rc6 c3 44. Rxc3 Kg7 45. Rc6 a5 46. Rc5 Kg6
47. Rxa5 Kh5 48. Rxf5+ 1-0

[Event "9. Longericher Sommer-Open"]
[Site "9. Longericher Sommer-Open"]
[Date "2012.08.05"]
[Round "3.15"]
[White "Berkle, Pascal"]
[Black "Westphal, Gerhard"]
[Result "1/2-1/2"]
[WhiteElo "1586"]
[BlackElo "1406"]
[PlyCount "60"]
[EventDate "2012.??.??"]
[WhiteTeam "SV Erftstadt e.V."]
[BlackTeam "Ford-SF Köln e.V."]

1. e4 e5 2. Nf3 Nc6 3. Bc4 Bc5 4. O-O Nf6 5. d3 O-O 6. Nc3 h6 7. Nd5 d6 8. c3
Nxd5 9. Bxd5 Ne7 10. Bc4 Be6 11. Bxe6 fxe6 12. a4 a5 13. Qb3 Qc8 14. d4 exd4
15. cxd4 Bb4 16. Bd2 Bxd2 17. Nxd2 c6 18. Nc4 d5 19. Nb6 Qc7 20. Nxa8 Rxa8 21.
exd5 exd5 22. Rfe1 Rd8 23. Qg3 Qxg3 24. hxg3 Nf5 25. Rad1 b5 26. b3 bxa4 27.
bxa4 Kf7 28. Re5 Kf6 29. g4 Nxd4 30. Re3 Ne6 1/2-1/2

[Event "9. Longericher Sommer-Open"]
[Site "9. Longericher Sommer-Open"]
[Date "2012.08.05"]
[Round "3.16"]
[White "Kronseder, Michael"]
[Black "Oerder, Timon"]
[Result "1-0"]
[WhiteElo "1549"]
[BlackElo "1332"]
[PlyCount "77"]
[EventDate "2012.??.??"]
[WhiteTeam "SV 1925 Hürth-Berrenra"]
[BlackTeam "SV Fideler Bauer Lever"]

1. Nf3 Nf6 2. g3 g6 3. Bg2 Bg7 4. O-O O-O 5. c4 d6 6. d4 Nbd7 7. Nc3 e5 8. d5
Ne8 9. Bg5 f6 10. Bd2 f5 11. Qc1 Rf7 12. Ng5 Rf6 13. Ne6 Qe7 14. Bg5 Nb6 15.
Bxf6 Bxf6 16. b3 Bxe6 17. dxe6 c6 18. e4 Qxe6 19. Qe3 f4 20. gxf4 exf4 21. Qd3
Nd7 22. Bh3 Qe7 23. Bxd7 Qxd7 24. Qf3 Be5 25. Rad1 Nf6 26. Ne2 Rf8 27. h3 g5
28. Nd4 g4 29. hxg4 Nxg4 30. Nf5 Kh8 31. Kh1 Rg8 32. Rg1 Qf7 33. Rg2 Qh5+ 34.
Kg1 c5 35. Rd3 Qg6 36. Ne7 Qg5 37. Nxg8 Nh2 38. Qh3 f3 39. Rxg5 1-0

[Event "9. Longericher Sommer-Open"]
[Site "9. Longericher Sommer-Open"]
[Date "2012.08.05"]
[Round "3.17"]
[White "Sewald, Richard"]
[Black "Sewald, Jörg"]
[Result "1/2-1/2"]
[WhiteElo "1096"]
[BlackElo "1538"]
[PlyCount "70"]
[EventDate "2012.??.??"]
[WhiteTeam "SG Porz e.V."]
[BlackTeam "SF Esch e.V."]

1. e4 e5 2. Nf3 Nc6 3. Bc4 Be7 4. O-O Nf6 5. d3 d6 6. Nc3 Bg4 7. h3 Bh5 8. Bd2
Nd4 9. g4 Nxf3+ 10. Qxf3 Bg6 11. Nd5 Nxd5 12. Bxd5 c6 13. Bb3 O-O 14. c3 Bg5
15. Bxg5 Qxg5 16. Qe3 Qh4 17. Qg3 Qg5 18. Qe3 Qf4 19. Rad1 h5 20. Rfe1 hxg4 21.
Qxf4 exf4 22. hxg4 Rae8 23. Kg2 Bh7 24. Rh1 g6 25. Rh2 Kg7 26. Kf3 g5 27. Rh5
f6 28. Rdh1 Bg6 29. R5h3 Rh8 30. Rxh8 Rxh8 31. Rxh8 Kxh8 32. Ke2 Kg7 33. f3 Bf7
34. Bxf7 Kxf7 35. d4 Ke6 1/2-1/2

[Event "9. Longericher Sommer-Open"]
[Site "9. Longericher Sommer-Open"]
[Date "2012.08.05"]
[Round "3.18"]
[White "Dijkhuis, Oele"]
[Black "Rost, Vincent"]
[Result "0-1"]
[WhiteElo "988"]
[BlackElo "1480"]
[PlyCount "120"]
[EventDate "2012.??.??"]
[WhiteTeam "Moira Domtoren Utrecht"]
[BlackTeam "SV Erftstadt e.V."]

1. e4 e5 2. Nf3 Nc6 3. Bc4 Bc5 4. O-O Nf6 5. d3 O-O 6. Bg5 h6 7. Bh4 Be7 8. Nc3
Nd4 9. Nxd4 exd4 10. Bxf6 Bxf6 11. Nd5 c6 12. Nxf6+ Qxf6 13. f4 d6 14. f5 a5
15. a4 b6 16. Qg4 Bb7 17. Rae1 Kh7 18. Kh1 Rae8 19. Qg3 Re5 20. Qf2 Re7 21. Kg1
Rfe8 22. g4 d5 23. exd5 cxd5 24. Bb5 Bc6 25. Bxc6 Qxc6 26. Rxe7 Rxe7 27. Qxd4
Qxc2 28. f6 Re2 29. Qxd5 Qc7 30. Qh5 g6 31. Qh3 Rxb2 32. g5 Qc5+ 33. Kh1 Qd5+
34. Kg1 Qxg5+ 35. Kh1 Qd5+ 36. Kg1 Qd4+ 37. Kh1 Qxa4 38. Qc8 Qc2 39. Qxc2 Rxc2
40. Rb1 Rc6 41. d4 Rxf6 42. d5 Rd6 43. Rd1 Kg7 44. Kg2 Kf6 45. Rf1+ Ke5 46.
Rxf7 Kxd5 47. Rh7 h5 48. h4 b5 49. Rb7 Kc5 50. Kf2 Rb6 51. Rc7+ Rc6 52. Rb7 a4
53. Ke2 a3 54. Kd2 Kb4 55. Kd3 a2 56. Ra7 Kb3 57. Rb7 Rd6+ 58. Ke3 a1=Q 59.
Rxb5+ Kc4 60. Rg5 Qc3+ 0-1

[Event "9. Longericher Sommer-Open"]
[Site "9. Longericher Sommer-Open"]
[Date "2012.08.05"]
[Round "3.19"]
[White "Statz, Samuel"]
[Black "Lin, David"]
[Result "1/2-1/2"]
[WhiteElo "1463"]
[BlackElo "993"]
[PlyCount "50"]
[EventDate "2012.??.??"]
[WhiteTeam "SV Erftstadt e.V."]
[BlackTeam "Klub Kölner SF e.V. 1"]

1. e4 e5 2. Nf3 Nc6 3. d4 exd4 4. Nxd4 Nf6 5. Nxc6 bxc6 6. e5 Nd5 7. c4 Nb6 8.
Nc3 Bc5 9. Be2 Qe7 10. Bf4 Qe6 11. b3 Bb4 12. Qc2 O-O 13. O-O d6 14. a3 Bxc3
15. Qxc3 dxe5 16. Bg3 Qe7 17. Rfe1 f6 18. Bd3 Be6 19. f4 exf4 20. Bxf4 Qf7 21.
Bxc7 Qxc7 22. Rxe6 Rfe8 23. Rae1 Rxe6 24. Rxe6 Nd7 25. c5 Ne5 1/2-1/2

[Event "9. Longericher Sommer-Open"]
[Site "9. Longericher Sommer-Open"]
[Date "2012.08.05"]
[Round "3.20"]
[White "Kaesemann, Holger"]
[Black "Vjazner, Lilian"]
[Result "0-1"]
[WhiteElo "1610"]
[BlackElo "954"]
[PlyCount "59"]
[EventDate "2012.??.??"]
[WhiteTeam "SK Germania Kupferdreh 1"]
[BlackTeam "Klub Kölner SF e.V. 1"]

1. e4 e5 2. f4 d5 3. exd5 Nf6 4. Nc3 Nxd5 5. Qe2 Be6 6. Nxd5 Bxd5 7. Qxe5+ Be7
8. c4 Bc6 9. Ne2 Nd7 10. Qxg7 Bf6 11. Qg3 Bh4 12. d4 Bxg3+ 13. Nxg3 Qe7+ 14.
Ne2 b6 15. d5 Bb7 16. g3 c6 17. Bg2 Qb4+ 18. Kf2 Qxc4 19. Re1 O-O-O 20. Be3 Kb8
21. Rec1 Qb5 22. Bd4 Rhe8 23. Rc2 c5 24. Be3 Nf6 25. Nc3 Qc4 26. Bf1 Qb4 27. a3
Qb3 28. Rac1 Nxd5 29. Nxd5 Qxd5 30. Ke1 0-1

[Event "9. Longericher Sommer-Open"]
[Site "9. Longericher Sommer-Open"]
[Date "2012.08.05"]
[Round "3.22"]
[White "Klein, Markus"]
[Black "Hoferichter, Michael"]
[Result "1-0"]
[WhiteElo "1321"]
[BlackElo "1217"]
[PlyCount "101"]
[EventDate "2012.??.??"]
[WhiteTeam "SK Sülz-Klettenberg"]
[BlackTeam "Klub Kölner SF e.V. 1"]

1. d4 Nf6 2. e3 e6 3. Ne2 d5 4. Ng3 Nc6 5. Bd2 Bd6 6. f4 O-O 7. Bd3 Bd7 8. O-O
g6 9. a3 h5 10. Rf3 Kg7 11. Nc3 a6 12. Be2 h4 13. Nh1 Rh8 14. Nf2 Ne7 15. Be1
Nf5 16. Nh3 Qe7 17. Nf2 c5 18. dxc5 Bxc5 19. Bd2 Bc6 20. Rh3 Rad8 21. b4 Nxe3
22. Qc1 Bb6 23. Bf3 Neg4 24. Ncd1 Rd6 25. Be1 Bd7 26. Bxg4 Nxg4 27. Kh1 f5 28.
Nd3 e5 29. fxe5 Nxe5 30. N1f2 Re6 31. Nf4 Rd6 32. N2d3 g5 33. Nxe5 Qxe5 34. Nd3
Qf6 35. Rf3 g4 36. Rf1 g3 37. h3 Re8 38. Bd2 Kf7 39. Bg5 Qg6 40. Bf4 Rde6 41.
c4 Re2 42. c5 d4 43. cxb6 Bc6 44. Rg1 Qe6 45. Qd1 Qe4 46. Ne5+ Rxe5 47. Bxe5
Qxe5 48. Rc1 f4 49. Rxc6 bxc6 50. Qb3+ Kf6 51. Qf3 1-0

[Event "9. Longericher Sommer-Open"]
[Site "9. Longericher Sommer-Open"]
[Date "2012.08.05"]
[Round "3.23"]
[White "Rey, Thorsten"]
[Black "Schröter, Ron"]
[Result "1-0"]
[WhiteElo "1186"]
[BlackElo "1469"]
[PlyCount "89"]
[EventDate "2012.??.??"]
[WhiteTeam "Klub Kölner SF e.V. 1"]
[BlackTeam "SG Porz e.V."]

1. e4 e5 2. Nf3 Nc6 3. Bb5 Bc5 4. O-O d6 5. Bxc6+ bxc6 6. c3 Nf6 7. Re1 Ng4 8.
d4 Bb6 9. Nbd2 c5 10. Nc4 c6 11. dxe5 d5 12. Nd6+ Kf8 13. exd5 cxd5 14. Qxd5
Be6 15. Qd1 Bc7 16. Ng5 Nxe5 17. Nxe6+ fxe6 18. Rxe5 Qxd6 19. Qxd6+ Bxd6 20.
Rxe6 Rd8 21. Bg5 Kf7 22. Bxd8 Kxe6 23. Re1+ Kd7 24. Bg5 Rb8 25. b3 Rb5 26. c4
Rb8 27. h3 a5 28. Rb1 a4 29. Kf1 h6 30. Be3 a3 31. Ke2 Kc6 32. Bd2 Be5 33. Kd3
Rd8+ 34. Kc2 Bd4 35. Be3 Re8 36. Re1 Bb2 37. Bd2 Rxe1 38. Bxe1 Kd6 39. Bc3 Bxc3
40. Kxc3 Ke5 41. f3 Kd6 42. b4 cxb4+ 43. Kxb4 Kc6 44. Kxa3 Kb6 45. Kb4 1-0

[Event "9. Longericher Sommer-Open"]
[Site "9. Longericher Sommer-Open"]
[Date "2012.08.05"]
[Round "3.24"]
[White "Wilde, Christian"]
[Black "Kolbasnikov, Igor"]
[Result "0-1"]
[WhiteElo "1155"]
[BlackElo "1414"]
[PlyCount "64"]
[EventDate "2012.??.??"]
[WhiteTeam "SF Köln-Longerich 195"]
[BlackTeam "SF Köln-Longerich 195"]

1. c4 Nf6 2. Nc3 g6 3. g3 Bg7 4. Bg2 c6 5. e3 d5 6. cxd5 cxd5 7. d4 O-O 8. h3
b6 9. Nge2 Ba6 10. O-O Re8 11. b4 Bc4 12. b5 a6 13. Qa4 Nbd7 14. bxa6 Rxa6 15.
Qc2 b5 16. Re1 b4 17. Na4 Qa5 18. Bb2 Qxa4 19. Qd2 Qb5 20. a4 Rxa4 21. Rxa4
Qxa4 22. Nf4 Ne4 23. Bxe4 dxe4 24. d5 Bxb2 25. Qxb2 b3 26. h4 Ra8 27. h5 Qa2
28. Qc3 b2 29. Qb4 Qa1 30. hxg6 Qxe1+ 31. Qxe1 Ra1 32. gxh7+ Kxh7 0-1

[Event "9. Longericher Sommer-Open"]
[Site "9. Longericher Sommer-Open"]
[Date "2012.08.05"]
[Round "3.25"]
[White "Kaiser, Anton"]
[Black "Rebischke, Florian"]
[Result "0-1"]
[WhiteElo "1124"]
[BlackElo "1305"]
[PlyCount "72"]
[EventDate "2012.??.??"]
[WhiteTeam "SV 1925 Hürth-Berrenra"]
[BlackTeam "SF Köln-Mülheim e.V."]

1. Nf3 Nf6 2. c4 c5 3. Nc3 Nc6 4. e4 d6 5. d3 Bg4 6. Be2 Bxf3 7. Bxf3 Nd4 8.
Be3 Nxf3+ 9. Qxf3 g6 10. O-O Bg7 11. Rfe1 O-O 12. d4 Nd7 13. d5 Bxc3 14. bxc3
Ne5 15. Qe2 Qa5 16. Bd2 Qa4 17. h4 Qxc4 18. f4 Qxe2 19. Rxe2 Nc4 20. g4 b5 21.
f5 a5 22. Bh6 Rfb8 23. fxg6 hxg6 24. h5 Kh7 25. Bf4 f6 26. Rh2 g5 27. Rf1 gxf4
28. Rxf4 Rg8 29. Rg2 Rg5 30. Kh2 b4 31. cxb4 axb4 32. Kh3 Ra3+ 33. Kh4 Ne5 34.
Rf5 Rxf5 35. exf5 Nf3+ 36. Kh3 Ne1+ 0-1

[Event "9. Longericher Sommer-Open"]
[Site "9. Longericher Sommer-Open"]
[Date "2012.08.05"]
[Round "3.26"]
[White "Schröter, Heinz-Jürgen"]
[Black "Schröter, Sophie"]
[Result "1/2-1/2"]
[WhiteElo "1215"]
[BlackElo "1109"]
[PlyCount "52"]
[EventDate "2012.??.??"]
[WhiteTeam "SV Horrem 1948"]
[BlackTeam "SG Porz e.V."]

1. e4 e5 2. Nf3 Nc6 3. d4 exd4 4. Nxd4 Nxd4 5. Qxd4 Qe7 6. Bf4 Qb4+ 7. Qxb4
Bxb4+ 8. Bd2 Bxd2+ 9. Nxd2 d6 10. O-O-O Be6 11. Bc4 Bxc4 12. Nxc4 Nf6 13. f3
O-O 14. e5 dxe5 15. Nxe5 Rad8 16. Rxd8 Rxd8 17. Rd1 Re8 18. f4 Ne4 19. Rd7 f6
20. Rd4 Nd6 21. Nc4 Nxc4 22. Rxc4 c6 23. Rd4 b6 24. Rd7 Re2 25. Rd2 Rxd2 26.
Kxd2 Kf7 1/2-1/2

[Event "9. Longericher Sommer-Open"]
[Site "9. Longericher Sommer-Open"]
[Date "2012.08.06"]
[Round "4.1"]
[White "Andrijenko, Anatoliy"]
[Black "Schwark, Mario"]
[Result "0-1"]
[WhiteElo "1696"]
[BlackElo "1746"]
[PlyCount "104"]
[EventDate "2012.??.??"]
[WhiteTeam "SF Köln-Longerich 195"]
[BlackTeam "SG Kalker/Deutze"]

1. e4 c5 2. Nf3 Nc6 3. d4 cxd4 4. Nxd4 g6 5. Nc3 Bg7 6. Be3 e5 7. Nxc6 (7. Ndb5
) 7... bxc6 8. Qd6 Qe7 9. Bc5 Bf8 10. Qxe7+ Bxe7 11. Bxe7 Nxe7 12. Bc4 O-O 13.
O-O-O Kg7 14. g4 d5 15. exd5 Bxg4 16. d6 Nf5 17. Be2 Bxe2 18. Nxe2 Rfd8 19. d7
a5 20. Rd2 Ra7 21. Rhd1 Ne7 22. Nc3 f5 23. Na4 Nd5 24. Nc5 Kf7 25. c4 Nf6 26.
Rd6 Ne4 27. Nxe4 fxe4 28. Rxc6 Raxd7 29. Rxd7+ Rxd7 30. Rc5 Ke6 31. Rxa5 Rf7
32. Ra6+ Kf5 33. c5 Kg4 34. c6 (34. Ra3) 34... Kf3 35. b4 Kxf2 36. Ra3 e3 37.
Rc3 e2 38. Rc2 Kf1 39. Rxe2 Kxe2 40. Kc2 Kf3 41. b5 Rc7 42. Kc3 e4 43. Kc4 e3
44. Kc5 e2 45. b6 e1=Q 46. bxc7 Qe8 47. Kd6 Kf4 48. a4 Kf5 49. a5 Kf6 50. Kc5
Qc8 51. Kd6 Qe6+ 52. Kc5 Ke7 0-1